Normal view
MARC view
Entry Personal Name
001 - CONTROL NUMBER
- control field: 64517
003 - CONTROL NUMBER IDENTIFIER
- control field: dpl
005 - DATE AND TIME OF LATEST TRANSACTION
- control field: 20240409152654.0
008 - FIXED-LENGTH DATA ELEMENTS
- fixed length control field: 240409|| aca||aabn | a|a d
040 ## - CATALOGING SOURCE
- Original cataloging agency: dpl
- Transcribing agency: dpl
100 ## - HEADING--PERSONAL NAME
- Personal name: Ehrlich, Anne H
670 ## - SOURCE DATA FOUND
- Source citation: Work cat.: (dpl)202029: Ehrlich, Paul R. 64516, The Population Explosion/
